| 000 | 00567nam a22001937a 4500 | ||
|---|---|---|---|
| 003 | LK-CoMWRAF | ||
| 005 | 20231019000007.0 | ||
| 008 | 231018b |||||||| |||| 00| 0 eng d | ||
| 040 |
_aLK-CoMWRAF _dLK-CoMWRAF _eLK-CoMWRAF |
||
| 041 | _aeng | ||
| 082 |
_a428.2 _bTHO |
||
| 100 | _aThornley, G. C. | ||
| 245 | _aEasier scientific English practice | ||
| 260 |
_aHarlow : _bLongman, _c1972 |
||
| 300 | _avi,146p. : ill., ports. ; 19cm. | ||
| 650 | _aEnglish language -- Technical English | ||
| 650 | _aEnglish language Grammar For science exercises | ||
| 942 | _cBK | ||
| 999 |
_c3934 _d3934 |
||